Подробности
| 000 -МАРКЕР |
| контрольное поле |
01773nam0a2200409 4500 |
| 001 - ИДЕНТИФИКАТОР ЗАПИСИ |
| контрольное поле |
RU\NLR\bibl\992287 |
| 005 - ИДЕНТИФИКАТОР ВЕРСИИ |
| контрольное поле |
20260405113618.0 |
| 010 ## - МЕЖДУНАРОДНЫЙ СТАНДАРТНЫЙ НОМЕР КНИГИ (ISBN) |
| Номер (ISBN) |
5-7905-4525-4 |
| Уточнения |
В пер. |
| Тираж |
3000 |
| 021 ## - НОМЕР ГОСУДАРСТВЕННОЙ РЕГИСТРАЦИИ |
| Код страны |
российская федерация |
| Номер |
2006-50734 |
| Номер Листа государственной регистраци |
2508 |
| 035 ## - ДРУГИЕ СИСТЕМНЫЕ НОМЕРА |
| Идентификатор записи |
(NLR Aleph) 000980080 |
| 035 ## - ДРУГИЕ СИСТЕМНЫЕ НОМЕРА |
| Идентификатор записи |
(nilc)RSL-KNO-002924646 |
| 100 ## - ДАННЫЕ ОБЩЕЙ ОБРАБОТКИ |
| Данные общей обработки |
20060901d2006 u y0rusy50 ca |
| 101 1# - ЯЗЫК РЕСУРСА |
| Язык текста, звукозаписи и т.д. |
русский |
| Язык оригинала |
английский |
| 102 ## - СТРАНА ПУБЛИКАЦИИ ИЛИ ПРОИЗВОДСТВА |
| Страна публикации |
российская федерация |
| 105 ## - ПОЛЕ КОДИРОВАННЫХ ДАННЫХ: ТЕКСТОВЫЕ МАТЕРИАЛЫ, МОНОГРАФИЧЕСКИЕ |
| Кодированные данные о монографическом текстовом документе |
y ||||||||| |
| 106 ## - ПОЛЕ КОДИРОВАННЫХ ДАННЫХ: ТЕКСТОВЫЕ РЕСУРСЫ – ФОРМА |
| Форма ресурса: кодированные данные: обозначение носителя |
r |
| 200 1# - ЗАГЛАВИЕ И СВЕДЕНИЯ ОБ ОТВЕТСТВЕННОСТИ |
| Основное заглавие |
Брендология |
| Параллельное заглавие |
Brand Babble |
| Сведения, относящиеся к заглавию |
правда и вымыслы о брендинге |
| Первые сведения об ответственности |
Дон Е. Шульц, Хейди Ф. Щульц |
| Последующие сведения об ответственности |
[пер. с англ. В. В. Волкова] |
| 210 ## - ПУБЛИКАЦИЯ, РАСПРОСТРАНЕНИЕ И ДР. |
| Место издания, распространения и т.д. |
Москва |
| Имя издателя, распространителя и т. д. |
РИПОЛ классик |
| Дата издания, распространения и т.д. |
2006 |
| Место изготовления |
Н.Новгород |
| Имя изготовителя |
Нижполиграф |
| 215 ## - ФИЗИЧЕСКАЯ ХАРАКТЕРИСТИКА |
| Специфическое обозначение материала и объем |
255 с. |
| Другие сведения о физической характеристике |
ил. |
| Размеры |
21 |
| 300 ## - ОБЩИЕ ПРИМЕЧАНИЯ |
| Текст примечания |
Авт. также на англ. яз.: D.E. Schultz, H.F. Schultz |
| 320 ## - ПРИМЕЧАНИЯ О НАЛИЧИИ В ДОКУМЕНТЕ БИБЛИОГРАФИИ / УКАЗАТЕЛЯ |
| Текст примечания |
Указ.: с. 246-255 |
| 510 1# - ПАРАЛЛЕЛЬНОЕ ЗАГЛАВИЕ |
| Связь между полями |
z20790 |
| Параллельное заглавие |
Brand Babble |
| Язык заглавия |
английский |
| 606 1# - НАИМЕНОВАНИЕ ТЕМЫ КАК ПРЕДМЕТ |
| Наименование темы |
Бренд |
| Системный номер авторитетной/нормативной записи |
2134039 |
| Идентификатор авторитетной/нормативной записи |
RU\NLR\auth\661287070 |
| 610 0# - НЕКОНТРОЛИРУЕМЫЕ ПРЕДМЕТНЫЕ ТЕРМИНЫ |
| Предметный термин |
Экономика -- Капиталистические страны -- Торговля -- Организация и техника торговли -- Бренд |
| 686 ## - ИНДЕКСЫ ДРУГИХ КЛАССИФИКАЦИЙ |
| Индекс |
У842.0-803.81,0 |
| Код системы |
|
| 686 ## - ИНДЕКСЫ ДРУГИХ КЛАССИФИКАЦИЙ |
| Индекс |
У43(0)-361.4 |
| 700 #1 - ИМЯ ЛИЦА - ПЕРВИЧНАЯ ОТВЕТСТВЕННОСТЬ |
| Код отношения |
Автор |
| Материалы, к которым относится поле |
rus |
| Графика поля |
Кириллица |
| Начальный элемент ввода |
Шульц |
| Часть имени, кроме начального элемента ввода |
Д. Е. |
| Расширение инициалов личного имени |
Дон Е. |
| Идентификатор авторитетной/нормативной записи |
RU\NLR\auth\7744288 |
| Системный номер авторитетной/нормативной записи |
27229 |
| 701 #1 - ИМЯ ЛИЦА - АЛЬТЕРНАТИВНАЯ ОТВЕТСТВЕННОСТЬ |
| Код отношения |
Автор |
| Материалы, к которым относится поле |
rus |
| Графика поля |
Кириллица |
| Начальный элемент ввода |
Шульц |
| Часть имени, кроме начального элемента ввода |
Х. Ф. |
| Расширение инициалов личного имени |
Хейди Ф. |
| Идентификатор авторитетной/нормативной записи |
RU\NLR\auth\7744290 |
| Системный номер авторитетной/нормативной записи |
27231 |
| 790 #1 - ИМЯ ЛИЦА - АЛЬТЕРНАТИВНАЯ ФОРМА |
| Код отношения |
Автор |
| Материалы, к которым относится поле |
eng |
| Графика поля |
Латинская |
| Начальный элемент ввода |
Schultz |
| Часть имени, кроме начального элемента ввода |
D. E. |
| Расширение инициалов личного имени |
Don E. |
| Идентификатор авторитетной/нормативной записи |
RU\NLR\auth\7744289 |
| Системный номер авторитетной/нормативной записи |
27230 |
| 790 #1 - ИМЯ ЛИЦА - АЛЬТЕРНАТИВНАЯ ФОРМА |
| Код отношения |
Автор |
| Материалы, к которым относится поле |
eng |
| Графика поля |
Латинская |
| Начальный элемент ввода |
Schultz |
| Часть имени, кроме начального элемента ввода |
H. F. |
| Расширение инициалов личного имени |
Heidi F. |
| Идентификатор авторитетной/нормативной записи |
RU\NLR\auth\7744291 |
| Системный номер авторитетной/нормативной записи |
27232 |
| 801 #0 - ИСТОЧНИК ЗАПИСИ |
| Страна |
российская федерация |
| Организация |
РКП |
| Дата составления |
20060901 |
| 801 #1 - ИСТОЧНИК ЗАПИСИ |
| Страна |
российская федерация |
| Организация |
РГБ |
| Дата составления |
20060901 |
| 801 #2 - ИСТОЧНИК ЗАПИСИ |
| Страна |
российская федерация |
| Организация |
NLR |
| Дата составления |
20061005 |
| Правила каталогизации |
rcr |
| 942 ## - ДОПОЛНИТЕЛЬНЫЕ ЭЛЕМЕНТЫ ЗАПИСИ (АБИС) |
| Тип экземпляра АБИС |
Книга |
| 980 ## - КОЛЛЕКЦИЯ |
| Название коллекции |
Национальная библиография |